| 000 | 00672nam a2200253Ia 4500 | ||
|---|---|---|---|
| 008 | 170711s9999 xx 000 0 und d | ||
| 020 | _a8126130369 | ||
| 050 | _a613.7 | ||
| 050 | _bA266 2006 | ||
| 100 | _aAggarwal, Yaksha | ||
| 245 | _aEncyclopaedia of physical education / | ||
| 245 | _cby Yaksha Aggarwal. | ||
| 260 | _aIndia : | ||
| 260 | _bAnmol, | ||
| 260 | _c2006 | ||
| 300 | _a230 pages : | ||
| 300 | _billustrations ; | ||
| 300 | _c24cm. | ||
| 650 | _aPhysical education and training -- | ||
| 650 | _aPhysical education and training. | ||
| 650 | _xDictionaries. | ||
| 700 | _aTitle : Encyclopedia of physical education. | ||
| 700 | _aTitle. | ||
| 999 |
_c339628 _d339628 |
||